000 00417nam a22001697a 4500
005 20180530114200.0
008 160521b xxu||||| |||| 00| 0 eng d
020 _a81-8054-668-3
041 _aeng
082 _b3838
_a519.5
100 _aGupta S. P. & Kapoor V.K.
_9977
245 _aStatistical Methods
260 _aNew Delhi
_bSultan Chand & Sons,
300 _a1468
650 _aManagement
_9241
942 _cBK
999 _c1329
_d1329